| 000 | 01173nam a2200313 a 4500 | ||
|---|---|---|---|
| 001 | ebr10698266 | ||
| 003 | CaPaEBR | ||
| 006 | m o u | ||
| 007 | cr cn||||||||| | ||
| 008 | 051101s2006 nyuad sb 001 0 eng d | ||
| 010 | _z 2005031854 | ||
| 020 | _z1594548250 | ||
| 020 | _z9781594548253 | ||
| 020 | _z9781613240472 (e-book) | ||
| 040 |
_aCaPaEBR _cCaPaEBR |
||
| 035 | _a(OCoLC)703155105 | ||
| 050 | 1 | 4 |
_aHG229 _b.T738 2006eb |
| 082 | 0 | 4 |
_a332.4/1 _222 |
| 245 | 0 | 0 |
_aTrends in inflation research _h[electronic resource] / _cBarbara T. Credan, editor. |
| 260 |
_aNew York : _bNova Science Publishers, _cc2006. |
||
| 300 |
_ax, 238 p. : _bill. |
||
| 504 | _aIncludes bibliographical references and index. | ||
| 533 |
_aElectronic reproduction. _bPalo Alto, Calif. : _cebrary, _d2013. _nAvailable via World Wide Web. _nAccess may be limited to ebrary affiliated libraries. |
||
| 650 | 0 |
_aInflation (Finance) _xResearch. |
|
| 655 | 7 |
_aElectronic books. _2local |
|
| 700 | 1 | _aCredan, Barbara T. | |
| 710 | 2 | _aebrary, Inc. | |
| 856 | 4 | 0 |
_uhttp://site.ebrary.com/lib/rucke/Doc?id=10698266 _zAn electronic book accessible through the World Wide Web; click to view |
| 999 |
_c7594 _d7594 |
||